000 00661nam a2200229Ia 4500
003 OSt
005 20220926012435.0
006 a|||||r|||| 00| 0
007 ta
008 220923b |||||||| |||| 00| 0 eng d
037 _cGeneral Book
040 _aRTL
_cRTL
_beng
041 _2eng
_aeng
082 _aX:73, K9/SC
100 _aDEWEY Donald
_9316493
245 0 _aTheory of imperfect competition
_b A radical reconstruction.
260 _aNew York
_bColumbia university press
_c1969
300 _axii,205p.
_ccm.
500 _aAppendix :84-188p.
942 _hX:73, K9/SC
_cGB
_2CC
999 _c622998
_d622998